| 000 | 01012nam a22002417a 4500 | ||
|---|---|---|---|
| 999 |
_c22630 _d22630 |
||
| 003 | AR-CdUCM | ||
| 008 | 190427b ||||| |||| 00| 0 spa d | ||
| 040 |
_aMUNICIPALIDAD PROVINCIAL DEL CUSCO _cBIBLIOTECA MUNICIPAL DEL CUSCO |
||
| 082 |
_a985.033/V17 _bV17 _2segunda |
||
| 100 |
_aValcárcel, Carlos Daniel _96185 |
||
| 245 |
_aÍndice de documentos referentes al juicio sobre legítima descendencia del último Inca Túpac Amaru / _cCarlos Daniel Valcárcel |
||
| 260 |
_aCusco : _bJL editores, _c2021. |
||
| 300 |
_a78 paginas. : _c23 cm. |
||
| 500 | _a(Papeles existentes en la Universidad Nacional de San Antonio del Cusco).p. 3 Bibliografía del autor sobre el tema presente. p. 78 | ||
| 650 |
_aTúpac Amaru, José Gabriel _944710 |
||
| 650 |
_aFuentes primarias _916778 |
||
| 650 |
_aHistoria _948700 |
||
| 650 |
_aRebeliones indígenas _931521 |
||
| 650 |
_aLevantamientos andinos _944095 |
||
| 710 |
_aDirección Desconcentrada de Cultura de Cusco _944310 |
||
| 942 |
_2ddc _cLIBROS |
||
| 945 | _arac | ||